000 00456cam a22001692 4500
001 0000024638
005 20151217161644.0
008 140123s xx 000 0 eng d
040 _aKABU
_cKABU
100 1 _aKemunto, Machage Nancy.
_@0000185023
245 1 0 _aIs death penalty justifiable? /
_cMachage Nancy Kemunto.
260 _c2012.
300 _axiii, 38 leaves.
908 _a140123
950 _@1
999 _c15482
_d15482